| 000 | 00511nam a2200145Ia 4500 | ||
|---|---|---|---|
| 041 | _aArabic | ||
| 082 | _a345 cut-889 ز | ||
| 100 | _a20260118u\\\\\\\\\\\y0engy0103\\\\ba | ||
| 100 | _aا.د.مصطفى ابراهيم الزلمي | ||
| 245 | 0 | _aموانع المسؤولية الجنائية في الشريعة الاسلامية والتشريعات العربية | |
| 250 | _aط1 | ||
| 260 |
_bدار وائل للنشر والتوزيع _aعمان-الاردن _c2005 |
||
| 300 | _a311 | ||
| 942 | _cBk | ||
| 999 |
_c187617 _d187617 |
||